[Event "Lahti LahS Weekend-B"]
[Site "Lahti"]
[Date "2019.08.17"]
[Round "1"]
[White "Engelberg, Jan"]
[Black "Kauko, Pekka"]
[Result "0-1"]
[WhiteElo "1819"]
[BlackElo "1945"]
[PlyCount "90"]
[EventDate "2019.08.17"]
[EventType "swiss"]
[EventRounds "4"]
[EventCountry "FIN"]
[SourceTitle "CBM 192 Extra"]
[Source "Chessbase"]
[SourceDate "2019.11.06"]
[SourceVersion "1"]
[SourceVersionDate "2019.11.06"]
[SourceQuality "1"]

1. e4 g6 2. d4 Bg7 3. Be3 d6 4. g3 c5 5. c3 Nf6 6. Bg2 Ng4 7. Ne2 Nxe3 8. fxe3 0-0 9. 0-0 e5 10. Nd2 Bh6 11. Nc4 b5 12. Na3 Bxe3+ 13. Kh1 Qb6 14. Qd3 cxd4 15. cxd4 Bg5 16. Qxb5 Ba6 17. Qxb6 axb6 18. Bf3 Nc6 19. Rfd1 Rac8 20. dxe5 Nxe5 21. Kg2 Nd3 22. b3 Ne5 23. Nf4 Nxf3 24. Kxf3 Rc3+ 25. Kg2 Bb7 26. Nd5 Bxd5 27. Rxd5 Be7 28. Nb5 Rc2+ 29. Kf3 Rfc8 30. Nxd6 R8c3+ 31. Kf4 Rxh2 32. Nc4 Rf2+ 33. Ke5 Bf6+ 34. Kd6 Rxc4 35. e5 Rcc2 36. exf6 Rxf6+ 37. Ke5 Kg7 38. Rd3 h5 39. a4 Rc5+ 40. Ke4 Rfc6 41. Rad1 g5 42. b4 Rc4+ 43. Rd4 Rc3 44. Rg1 Kg6 45. b5 Re6+ 0-1

[Event "Kuopio op-B 40th"]
[Site "Kuopio"]
[Date "2018.04.29"]
[Round "3"]
[White "Nikula, Mikko"]
[Black "Engelberg, Jan"]
[Result "1/2-1/2"]
[WhiteElo "1941"]
[BlackElo "1809"]
[PlyCount "31"]
[EventDate "2018.04.28"]
[EventType "swiss"]
[EventRounds "4"]
[EventCountry "FIN"]
[SourceTitle "EXT 2022"]
[Source "ChessBase"]
[SourceDate "2021.10.06"]
[SourceVersion "1"]
[SourceVersionDate "2021.10.06"]
[SourceQuality "1"]

1. e4 c5 2. Nf3 g6 3. d4 cxd4 4. Nxd4 Bg7 5. c4 Nc6 6. Be3 Nf6 7. Nc3 Qa5 8. Nb3 Qd8 9. f3 0-0 10. Be2 b6 11. Qd2 Ba6 12. Rc1 e6 13. 0-0 Rc8 14. Nb5 Bxb5 15. cxb5 Ne7 16. Bh6 1/2-1/2

[Event "FIN-chT2 Gp1 1617"]
[Site "Finland"]
[Date "2017.01.14"]
[Round "5.2"]
[White "Engelberg, Jan"]
[Black "Hytonen, Harri"]
[Result "0-1"]
[WhiteElo "1807"]
[BlackElo "2060"]
[PlyCount "78"]
[EventDate "2016.09.17"]
[EventType "team-tourn"]
[EventRounds "7"]
[EventCountry "FIN"]
[SourceTitle "EXT 2019"]
[Source "ChessBase"]
[SourceDate "2018.10.10"]
[SourceVersion "1"]
[SourceVersionDate "2018.10.10"]
[SourceQuality "1"]
[WhiteTeam "Kotka KymS II"]
[BlackTeam "Helsinki I-HSK"]
[WhiteTeamCountry "FIN"]
[BlackTeamCountry "FIN"]

1. e4 c6 2. d4 d5 3. Nd2 dxe4 4. Nxe4 Nf6 5. Nc5 e6 6. Nb3 Be7 7. Bd3 0-0 8. Nf3 Qc7 9. Bg5 Nd5 10. Qd2 f6 11. Bh4 a5 12. Bg3 Qb6 13. c3 a4 14. Nc1 a3 15. Rb1 axb2 16. Rxb2 Qa5 17. Ne2 b5 18. 0-0 Nd7 19. Qc2 f5 20. c4 Nb4 21. Qb3 Qa3 22. Bb1 bxc4 23. Qxc4 Qxb2 24. Qxe6+ Rf7 25. Nf4 Nb6 26. Qe5 Nc4 27. Qc7 Bf6 28. Nd3 Qa3 29. Qf4 Nxd3 30. Bxd3 Qxd3 31. Ne5 Bxe5 32. dxe5 Be6 33. h4 Rxa2 34. h5 h6 35. Qc1 Rfa7 36. Qf4 Rb2 37. Rc1 Raa2 38. Qh4 Kh7 39. Qe7 Qxg3 0-1

[Event "FIN-chT2 Gp1 1617"]
[Site "Finland"]
[Date "2016.09.17"]
[Round "1.3"]
[White "Munukka, Timo"]
[Black "Engelberg, Jan"]
[Result "1-0"]
[WhiteElo "1924"]
[BlackElo "1807"]
[PlyCount "95"]
[EventDate "2016.09.17"]
[EventType "team-tourn"]
[EventRounds "7"]
[EventCountry "FIN"]
[SourceTitle "EXT 2019"]
[Source "ChessBase"]
[SourceDate "2018.10.10"]
[SourceVersion "1"]
[SourceVersionDate "2018.10.10"]
[SourceQuality "1"]
[WhiteTeam "Espoo ESK"]
[BlackTeam "Kotka KymS II"]
[WhiteTeamCountry "FIN"]
[BlackTeamCountry "FIN"]

1. d4 Nf6 2. c4 c5 3. Nf3 g6 4. Nc3 cxd4 5. Nxd4 Nc6 6. g3 d5 7. Bg2 Nxd4 8. Qxd4 dxc4 9. Qxc4 Bg7 10. Qb5+ Qd7 11. Qb3 0-0 12. 0-0 Qg4 13. Bxb7 Be6 14. Qa3 Rab8 15. Qxa7 Qh5 16. Bf4 Rxb7 17. Qxb7 Bh3 18. Qb5 Qxb5 19. Nxb5 Bxf1 20. Kxf1 Nd5 21. Rb1 Rc8 22. Rc1 Ra8 23. b3 Nxf4 24. gxf4 Rxa2 25. Rc8+ Bf8 26. Nd4 Rb2 27. e3 e6 28. Rb8 Kg7 29. Rb7 Kf6 30. Nc6 Rc2 31. Ne5 Be7 32. h3 h5 33. b4 g5 34. fxg5+ Kxe5 35. Rxe7 Kf5 36. Rxf7+ Kxg5 37. b5 Rb2 38. Rb7 e5 39. b6 Kh4 40. Kg2 e4 41. Re7 Rxb6 42. Rxe4+ Kg5 43. h4+ Kf5 44. Ra4 Rb2 45. Ra5+ Kg4 46. Ra4+ Kf5 47. Kg3 Rb3 48. Ra5+ 1-0